000 00544cam a2200181 4500
040 _cDLC
082 0 0 _a634 DIV 1966 A040 Or.
100 1 _aClar, C. Raymond.
245 1 0 _aPrinciples of forest fire management,
250 _aRev. ed.
260 _a[Sacramento]
_bDivision of Forestry; [may be purchased from Office of Procurement, Documents Section]
_c1966.
300 _avii, 274 p.
_billus.
_c23 cm.
650 0 _aForest fires
650 0 _aForests and forestry
700 1 _aChatten, Leonard R.,
710 1 _aCalifornia.
942 _cEK
999 _c12202
_d12202